000 00687nam a2200157 a 4500
001 000039469
005 20201002031651.0
008 130701s1999 dr 000 0 spa d
040 _aDO-SdBNP
_bspa
_cBNPHU
110 2 _aRepública Dominicana :
_b[Leyes,etc]
_911088
245 1 0 _aRecopilación de leyes de procedimiento penal.
246 1 4 _aRecopilación de leyes de procedimiento penal
260 _aSanto Domingo :
_bCongreso Nacional,
_c1999.
300 _a16 p. ;
_c22 cm.
505 0 _tLey no. 1014 que modifica los procedimientos correccional y criminal, G.O. 4840
_tLey no. 1822, sobre sustitución miembros del Ministerio Público,G.O. 6847
_tLey no. 164, Ley de libertad condicional
999 _c38959
_d38959